Sellos precolombinos (Record no. 858)

MARC details
000 -LEADER
campo de control de longitud fija 00713nam a22001577a 4500
008 - DATOS DE LONGITUD FIJA--INFORMACIÓN GENERAL
campo de control de longitud fija 160217b xxu||||| |||| 00| 0 eng d
020 ## - NÚMERO INTERNACIONAL ESTÁNDAR DEL LIBRO
Número Internacional Estándar del Libro 9789968947626
082 ## - NÚMERO DE LA CLASIFICACIÓN DECIMAL DEWEY
Número de clasificación 737.6
Número de ítem F363s
100 ## - ENTRADA PRINCIPAL--NOMBRE DE PERSONA
Nombre de persona Patricia Fernández Esquivel
9 (RLIN) 4729
110 ## - ENTRADA PRINCIPAL--NOMBRE DE ENTIDAD CORPORATIVA
Nombre de entidad corporativa o nombre de jurisdicción como elemento de entrada Museos Banco Central de Costa Rica
9 (RLIN) 4730
245 ## - MENCIÓN DEL TÍTULO
Título Sellos precolombinos
Resto del título imágenes estampadas de Costa Rica = Pre-Columbian stamps : stamped images of Costa Rica
Mención de responsabilidad, etc. Patricia Fernández Esquivel
260 ## - PUBLICACIÓN, DISTRIBUCIÓN, ETC.
Lugar de publicación, distribución, etc. San José, Costa Rica
Nombre del editor, distribuidor, etc. Fundación Museos Banco Central de Costa Rica
Fecha de publicación, distribución, etc. 2004
300 ## - DESCRIPCIÓN FÍSICA
Extensión 28 pag
Otras características físicas illustrations (chiefly color)
Dimensiones 22 cm
650 ## - PUNTO DE ACCESO ADICIONAL DE MATERIA--TÉRMINO DE MATERIA
Término de materia o nombre geográfico como elemento de entrada Sellos Precolombinos
Subdivisión general Exhibition catalogs
Subdivisión geográfica Costa Rica
9 (RLIN) 4731
700 ## - ENTRADA AGREGADA--NOMBRE PERSONAL
Nombre de persona Patricia Fernández Esquivel
9 (RLIN) 4732
Holdings
Estatus retirado Estado de pérdida Fuente del sistema de clasificación o colocación Estado de daño No para préstamo Biblioteca de origen Biblioteca actual Ubicación en estantería Fecha de adquisición Total de préstamos Signatura topográfica completa Código de barras Visto por última vez Precio de reemplazo Tipo de ítem Koha
    Clasificación Decimal Dewey     Biblioteca LadoV Biblioteca LadoV   17/02/2016   737.6 F363s 004144 17/02/2016 17/02/2016 Material 01